[Event "Kimberley Moja op"]
[Site "Kimberley"]
[Date "2022.03.20"]
[Round "4"]
[White "De Swardt, Eduan"]
[Black "Mthunzi, Clive"]
[Result "0-1"]
[WhiteElo "1207"]
[BlackElo "1888"]
[PlyCount "82"]
[EventDate "2022.03.19"]
[EventType "swiss"]
[EventRounds "7"]
[EventCountry "RSA"]
[SourceTitle "EXT 2023"]
[Source "ChessBase"]
[SourceDate "2022.10.05"]
[SourceVersion "1"]
[SourceVersionDate "2022.10.05"]
[SourceQuality "1"]

1. e4 d6 2. d4 Nf6 3. Nc3 g6 4. Bf4 Bg7 5. Qd2 Nc6 6. Nf3 Bg4 7. d5 Nb8 8. Be2 c6 9. Bh6 Bxh6 10. Qxh6 Qb6 11. Qd2 Nbd7 12. h3 Bxf3 13. Bxf3 Ne5 14. Be2 Qb4 15. f4 Ned7 16. Bf3 cxd5 17. Nxd5 Nxd5 18. exd5 Qxb2 19. 0-0 Qb6+ 20. Kh2 0-0 21. Rab1 Qc7 22. Rfe1 Nf6 23. Qe3 Rfe8 24. Qb3 b6 25. Be2 a6 26. Qxb6 Qxc2 27. Rb2 Qc3 28. Rd1 Rab8 29. Qxb8 Rxb8 30. Rxb8+ Kg7 31. Bxa6 Qc2 32. Rbb1 Qxa2 33. Bb7 Nh5 34. Rb4 Qf2 35. Rdd4 Ng3 36. Rd3 Ne2 37. Rb1 Nxf4 38. Rg3 h5 39. Ba6 h4 40. Rg4 f5 41. Rxf4 Qxf4+ 0-1